000 00559nam a2200217Ia 4500
003 OSt
005 20220926044840.0
006 a|||||r|||| 00| 0
007 ta
008 220923b |||||||| |||| 00| 0 eng d
037 _cGeneral Book
040 _aRTL
_cRTL
_beng
041 _2eng
_aeng
082 _aV43.N5, K3
100 _aRose Saul Ed.
_9108473
245 0 _aPolitics in southern Asia
260 _c1963
650 _aSouth East Asia History
_928132
942 _hV43.N5, K3
_cGB
_2CC
999 _c675953
_d675953